Allsvenskan & Damallsvenskan Clubs - Statistics

General Stats
  • This quiz has been taken 13 times
  • The average score is 25 of 30
Answer Stats
Answer % Correct
AIK
100%
AIK
100%
Elfsborg
100%
Göteborg
100%
Häcken
100%
Häcken
100%
Malmö
100%
Malmö
100%
Norrköping
100%
Norrköping
100%
Djurgården
91%
Djurgården
91%
Halmstad
91%
Hammarby
91%
Hammarby
91%
Linköping
91%
Mjällby
91%
Sirius
91%
Brommapojkarna
82%
Brommapojkarna
82%
GAIS
82%
Öster
82%
Rosengård
82%
Degerfors
73%
Värnamo
73%
Piteå
55%
Alingsås
45%
Växjo
45%
Kristianstad
36%
Vittsjö
36%
No matching quizzes found
Score Distribution
Percent of People with Each Score
Percentile by Number Answered
Your Score History
You have not taken this quiz